| 000 | 00982 a2200205 4500 | ||
|---|---|---|---|
| 001 | 54561 | ||
| 005 | 20260407155819.0 | ||
| 008 | 260407a1976 arg spa d | ||
| 003 | AR-UNSa-BCEJYS | ||
| 040 |
_aAR-UNSa-BCEJYS _bspa _cAR-UNSa-BCEJYS |
||
| 080 |
_a330.1 _xCiencia económica. Conceptos fundamentales de teoría económica. Valor. Capital. Fondos |
||
| 245 | 1 | 0 |
_aAnálisis económico y métodos cuantitativos _puna aportación didáctica |
| 264 | 1 |
_aBuenos Aires : _bEdiciones Depalma _c1976 |
|
| 300 |
_a424 p. _c23 cm. |
||
| 505 | _a1. Introducción - 2. Contribuciones en metodología - 3. Contribuciones en teoría económica - 4. Contribuciones en economía matemática - 5. Contribuciones en comercio internacional - 6. Contribuciones en economía de los transportes - 7. Contribuciones en econometría - 8. Contribuciones en política económica | ||
| 041 | _aspa | ||
| 942 | _cBK | ||
| 590 | _aniveau_biblio:m niveau_hierar:0 | ||
| 100 | 1 | _aDi Marco, Luis Eugenio | |
| 999 |
_c5641 _d5641 |
||